00809cam a2200205 a 450000100100000000500170001000800410002704000290006808200190009710000220011624500440013826000520018230000210023449000410025558600930029650001230038965000230051265000270053583000410056200000966520200929161649.0770322s1976 ec 000 1 spa  aDO-SdBNPbspacLCdBNPHU aE863.44bR175g1 aRamón, Gonzalo.10aGuandal :b[novela] /cGonzalo Ramón. aQuito :bCasa de la Cultura Ecuatoriana,c1976. a347 p. ;c18 cm.1 aPremios Nacionales de Literatura,v1 aPrimer Premio Unico en el concurso nacional de la novela de 1975. La Casa de la Cultura. aPrimer finalista Unico en el concurso Internacional de novela Hispano América de "Editorial Alfaguara" madrid, 1974. 4aNovela ecuatoriana 4aLiteratura ecuatoriana 0aPremios Nacionales de Literatura,v1